000 00536nam a2200193Ia 4500
005 20250508160502.0
008 008 250505s9999 xx 000 0 eng d
037 _aTextual
040 _aFEDL
_beng
_cFEDL
041 _aeng
_2eng
084 _a370.15, PIL
_qFEDL
100 _aPillai N.P.
245 0 _aPsychological foundations of education
260 _aTrivandrum, India
_bKalaniketan
_c1968
300 _a248p.
650 _aEducation - Psychology
942 _cTEXL
_h370.15, PIL
999 _c1364906
_d1364906